| 000 | 00619nam a2200193 i 4500 | ||
|---|---|---|---|
| 001 | 141088 | ||
| 003 | ES-MaACL | ||
| 005 | 20250902220829.0 | ||
| 007 | t| | ||
| 008 | 070919s1973 sp ||||1| spa d | ||
| 100 | 1 |
_aHsieh, Yuan-Yu. _964458 |
|
| 245 | 1 | 0 |
_aTeoría elemental de estructuras / _cYuan-Yu Hsieh ; traducción y adaptación Armando Palomino. |
| 260 |
_aMadrid : _bPrentice-Hall, _c[1973] |
||
| 300 |
_aXIV, 440 p. : _bil. ; _c24 cm. |
||
| 650 | 7 |
_aEstructuras (Construcción) _2embne _9136283 |
|
| 700 | 1 |
_aPalomino, Armando. _988696 |
|
| 852 |
_aES-MaACL _jE-7524 _bR.91800 |
||
| 999 |
_c141088 _d141088 |
||